Antropología e identidades en Centroamérica. Parte 5: Retos teóricos y metodológicos /
Сохранить в:
| Главный автор: | |
|---|---|
| Соавтор: | |
| Другие авторы: | |
| Формат: | Текст |
| Опубликовано: |
San José:
UCR
|
| Метки: |
Добавить метку
Нет меток, Требуется 1-ая метка записи!
|
MARC
| LEADER | 00000 a a2200000 04500 | ||
|---|---|---|---|
| 001 | 25878 | ||
| 003 | |||
| 040 | |||
| 090 | |a 173522 | ||
| 100 | |a Murillo Chaverri, Carmen | ||
| 110 | |a Universidad de Costa Rica. Facultad de Ciencias Sociales. Escuela de Antropología y Sociología. Departamento de Antropología. Laboratorio de Etnología | ||
| 245 | |a Antropología e identidades en Centroamérica. Parte 5: Retos teóricos y metodológicos / |c Carmen Murillo Chaverri | ||
| 260 | |a San José: |b UCR | ||
| 300 | |a 280 p | ||
| 700 | |a ed. | ||
| 999 | |c 11442 |d 11442 | ||
